[Event "Barcelona IM2 06"]
[Site "Barcelona"]
[Date "2025.06.26"]
[Round "2"]
[White "Garcia Ramos, Daniel"]
[Black "Silva Cerda, Mark Valentin"]
[Result "1-0"]
[WhiteElo "2438"]
[BlackElo "2195"]
[PlyCount "111"]
[EventDate "2025.06.25"]
[EventType "tourn"]
[EventRounds "9"]
[EventCountry "ESP"]
[EventCategory "1"]
[SourceTitle "CB28_2025"]
[SourceDate "2025.07.09"]
[SourceVersion "1"]
[SourceVersionDate "2025.07.09"]
[SourceQuality "1"]

1. e4 c5 2. Nf3 e6 3. d4 cxd4 4. Nxd4 Nc6 5. a3 Nf6 6. Nc3 d5 7. Bb5 Bd7 8. exd5 exd5 9. 0-0 Be7 10. h3 h6 11. Nf3 Be6 12. Ne2 0-0 13. Bd3 Re8 14. Ned4 Bd7 15. Bf4 Bf8 16. c3 Ne4 17. Bh2 Nxd4 18. Nxd4 Qb6 19. Qc2 Nc5 20. a4 Nxd3 21. Qxd3 Rac8 22. Qd2 Bc5 23. Nf3 Bf5 24. b4 Bd6 25. Bxd6 Qxd6 26. Nd4 Be4 27. Rfe1 Qg6 28. f3 Bd3 29. Rxe8+ Rxe8 30. Re1 Rxe1+ 31. Qxe1 Bc4 32. Qe5 Kh7 33. Kf2 a5 34. bxa5 Qd3 35. Qf5+ Qxf5 36. Nxf5 Kg6 37. Nd6 Ba6 38. Ke3 Kf6 39. Kd4 Ke6 40. Nb5 g5 41. Nc7+ Kd6 42. Nxd5 Bf1 43. Ne3 Be2 44. c4 f6 45. Nf5+ Ke6 46. Ng3 Bd1 47. Ne4 Kd7 48. Nxf6+ Kc6 49. Ng4 h5 50. Ne5+ Kc7 51. g4 hxg4 52. fxg4 Bxa4 53. Nf7 Bc6 54. Nxg5 Kd6 55. Ne4+ Ke6 56. h4 1-0

[Event "Foment Martinenc op-A 24th"]
[Site "Barcelona"]
[Date "2024.06.15"]
[Round "9"]
[White "Silva Cerda, Mark Valentin"]
[Black "Romero Moreno, Felix"]
[Result "1-0"]
[WhiteElo "1896"]
[BlackElo "1868"]
[PlyCount "123"]
[EventDate "2024.04.20"]
[EventType "swiss"]
[EventRounds "9"]
[EventCountry "ESP"]
[SourceTitle "CBM 220 Extra"]
[Source "ChessBase"]
[SourceDate "2024.07.31"]
[SourceVersion "1"]
[SourceVersionDate "2024.07.31"]
[SourceQuality "1"]

1. d4 Nf6 2. c4 e6 3. Nc3 c5 4. d5 exd5 5. cxd5 d6 6. h3 g6 7. Nf3 Bg7 8. Bf4 a6 9. a4 0-0 10. e3 Qe7 11. Bd3 Nbd7 12. 0-0 Ne8 13. Nd2 Ne5 14. Be2 f5 15. Bg3 g5 16. f4 Ng6 17. Nc4 Rb8 18. a5 gxf4 19. exf4 Bd4+ 20. Kh2 Kh8 21. Bd3 Qg7 22. Ne2 Bf6 23. Qc2 Bh4 24. Bxh4 Nxh4 25. Qc3 Nf6 26. g3 Ng6 27. Ne3 Ne7 28. Bc4 Ne4 29. Qxg7+ Kxg7 30. Nc3 b5 31. axb6 Rxb6 32. Nxe4 fxe4 33. b3 Bb7 34. g4 h5 35. Kg3 hxg4 36. hxg4 Bc8 37. Ra2 Ng6 38. Ng2 Rf7 39. Re1 Re7 40. Rae2 a5 41. Rxe4 Rxe4 42. Rxe4 Rb4 43. Ne1 Bd7 44. Nd3 Rb6 45. f5 Nf8 46. Nb2 Bb5 47. Kf4 Bxc4 48. Nxc4 Rxb3 49. Nxa5 Rd3 50. Re7+ Kf6 51. Nc6 Rd4+ 52. Nxd4 Kxe7 53. Nc6+ Kf7 54. g5 Nd7 55. f6 c4 56. Kf5 c3 57. g6+ Kg8 58. Nd4 Nc5 59. f7+ Kg7 60. Ne6+ Nxe6 61. dxe6 c2 62. e7 1-0

[Event "Foment Martinenc op-A 24th"]
[Site "Barcelona"]
[Date "2024.06.08"]
[Round "8"]
[White "Pinero, Reinaldo Adolfo"]
[Black "Silva Cerda, Mark Valentin"]
[Result "0-1"]
[WhiteElo "1928"]
[BlackElo "1896"]
[PlyCount "76"]
[EventDate "2024.04.20"]
[EventType "swiss"]
[EventRounds "9"]
[EventCountry "ESP"]
[SourceTitle "CBM 220 Extra"]
[Source "ChessBase"]
[SourceDate "2024.07.31"]
[SourceVersion "1"]
[SourceVersionDate "2024.07.31"]
[SourceQuality "1"]

1. e4 c5 2. Nf3 d6 3. Bb5+ Nd7 4. 0-0 a6 5. Bd3 Ngf6 6. c3 b5 7. b3 Bb7 8. Re1 g6 9. Bc2 Bg7 10. d4 0-0 11. Bb2 Qc7 12. Nbd2 e5 13. Rc1 Rfe8 14. Bb1 Re7 15. h3 Rae8 16. d5 Bh6 17. Qe2 Nb6 18. Rcd1 Bc8 19. Nf1 Nh5 20. Ne3 Nf4 21. Qf1 Rf8 22. g4 Bd7 23. Kh2 Qc8 24. Nh4 Bg7 25. f3 Bf6 26. Qf2 h5 27. Nhg2 Kg7 28. c4 Bg5 29. h4 hxg4 30. hxg5 Rh8+ 31. Nh4 Ree8 32. Neg2 gxf3 33. Qxf3 Nxg2 34. Kxg2 Rxh4 35. Qf6+ Kg8 36. Rh1 Bh3+ 37. Kg1 Qg4+ 38. Kf2 Qg2+ 0-1

[Event "Foment Martinenc op-A 24th"]
[Site "Barcelona"]
[Date "2024.04.20"]
[Round "1"]
[White "Silva Cerda, Mark Valentin"]
[Black "Alvarez Albiol, Victor"]
[Result "1-0"]
[WhiteElo "1896"]
[BlackElo "2105"]
[PlyCount "89"]
[EventDate "2024.04.20"]
[EventType "swiss"]
[EventRounds "9"]
[EventCountry "ESP"]
[SourceTitle "CBM 220 Extra"]
[Source "ChessBase"]
[SourceDate "2024.07.31"]
[SourceVersion "1"]
[SourceVersionDate "2024.07.31"]
[SourceQuality "1"]

1. d4 Nf6 2. c4 c5 3. d5 g6 4. Nc3 Bg7 5. e4 d6 6. h3 e6 7. Bd3 exd5 8. exd5 0-0 9. Nf3 Re8+ 10. Be3 Bh6 11. 0-0 Bxe3 12. fxe3 Nbd7 13. Qd2 Qe7 14. Rae1 a6 15. a4 Kg7 16. Qf2 h6 17. Kh1 Rf8 18. Qg3 Nh5 19. Qh2 f5 20. Kg1 Ne5 21. Nxe5 Qxe5 22. Qxe5+ dxe5 23. g4 fxg4 24. Rxf8 Kxf8 25. Bxg6 Nf6 26. Rf1 Kg7 27. Bf5 gxh3 28. Bxc8 Rxc8 29. Rf3 b6 30. Kh2 h5 31. Kxh3 Kg6 32. Kh4 Rd8 33. b3 Rb8 34. Rf1 Ng4 35. Rf3 Nf6 36. Rf1 Re8 37. Rg1+ Ng4 38. Ne4 Rf8 39. a5 bxa5 40. Nxc5 Rc8 41. d6 Rd8 42. Nb7 Rd7 43. c5 Rxb7 44. c6 Rb4 45. c7 1-0